Normal view
MARC view
- LINGO-COMPUTER PROGRAMMING LANGUAGE MULTIMEDIA SYSTEM
Entry Topical Term
001 - CONTROL NUMBER
- control field: 75561
003 - CONTROL NUMBER IDENTIFIER
- control field: NUST
005 - DATE AND TIME OF LATEST TRANSACTION
- control field: 20210628205435.0
008 - FIXED-LENGTH DATA ELEMENTS
- fixed length control field: 210628|| aca||aabn | a|a d
040 ## - CATALOGING SOURCE
- Original cataloging agency: NUST
- Transcribing agency: NUST
150 ## - HEADING--TOPICAL TERM
- Topical term or geographic name entry element: LINGO-COMPUTER PROGRAMMING LANGUAGE MULTIMEDIA SYSTEM
670 ## - SOURCE DATA FOUND
- Source citation: Work cat.: (NUST): Callery, Michael 75560, Learning lingo the art and science of programming with macromedia director, 1996
